Qui a tué qui ? - Marvel Cinematic Universe - Statistiques

Statistiques générales
  • Ce quiz a été pris 8 037 fois
  • Le résultat moyen est 17 sur 32
Statistiques - réponses
Personnage tué Tueur % Correct
Vision Thanos
99%
Loki Thanos
99%
Gamora Thanos
99%
Heimdall Thanos
99%
Phil Coulson Loki
90%
Laufey Loki
90%
Mystério Spider-Man
77%
Ebony Maw Iron Man
75%
Eric Savin Iron Man
75%
Vif Argent Ultron
75%
Wolfgang Von Strucker Ultron
75%
Erik Killmonger Black Panther
70%
Ultron Vision
66%
Corvus Glaive Vision
66%
Howard Stark Le Soldat de l'hiver
60%
Jasper Sitwell Le Soldat de l'hiver
60%
Maria Stark Le Soldat de l'hiver
60%
Fenris Hulk
57%
Skurge Hela
31%
Hogun Hela
31%
Volstagg Hela
31%
Alexander Pierce Nick Fury
31%
Ronan Les Gardiens de la Galaxie
25%
Hela Surtur
24%
Proxima Midnight La Sorcière Rouge
22%
Taserface Yondu
21%
Lucian Aster Doctor Strange
19%
Korath Drax
18%
Ulysses Klaue Erik Killmonger
18%
Frigga Malekith
18%
Cull Obsidian Bruce Banner
12%
T'Chaka Helmut Zemo
7%
Aucun quiz correspondant
Distribution des résultats
% des personnes avec chaque résultat
Percentile par nombre de réponses
Votre historique - résultats
Vous n’avez pas pris ce quiz